| 000 | 00450nam a2200181Ia 4500 | ||
|---|---|---|---|
| 005 | 20250603145608.0 | ||
| 008 | 250603s9999 xx 000 0 und d | ||
| 020 | _a9789789643998 | ||
| 050 | _aHD 1390 .U36/ | ||
| 100 | _aUdoekanem, N. B. | ||
| 245 | 0 | _aProfessional practice in estate surveying and valuation | |
| 260 | _aAbuja | ||
| 260 | _bUniversity of Abuja Press | ||
| 260 | _c2018 | ||
| 300 | _a510 p | ||
| 650 | _aAbuja | ||
| 942 | _cBK | ||
| 999 |
_c42302 _d42302 |
||